000 01153naa a22003257a 4500
001 BR7100413
003 BR-BrBNA
005 20240918173424.0
007 ta
008 230509b bl.||||| |||| 00| 0 por d
040 _aBR-BrBNA
_bpor
_cBiblioteca Nacional de Agricultura
041 _a(Pt)
072 _aH20; E70
_b2120
_b4120
_bG514
090 _aH20 BR7100413
110 1 _aSindicato Patronal de Linhares, ES (Brasil)
111 1 _a4. Congresso Nacional do Cafe
_cVitoria, ES (Brazil)
_d21 Apr 1971
245 1 _aFerrugem e confixo cambial na comercializacao [Coffea arabica; Hemileia vastatrix; Brasil]
_bProposicao no. 18
260 3 _aVitoria, ES (Brasil):
_c1971.
500 _aAnais do 4. Congresso Nacional do Cafe Vitoria, ES (Brasil): 1971. p. 158-160 (BR7100413-AM)H20
650 _aDoenca de planta
650 _aComercializacao
650 _aCafe
650 _aFerrugem
650 _aFungo
650 _aCredito
650 _aPolitica comercial
773 0 _tAnais do 4. Congresso Nacional do Cafe
_wH20 BR7100413
_gVitoria, ES (Brasil), 1971. p. 158-160
909 _a202404
_bLucia
_c55
_dLucia Elande
942 _cAM
_2AGRIS
999 _c304519
_d304519